|
|
|
|
| LEADER |
04712nam a22004213i 4500 |
| 001 |
EBC30686132 |
| 003 |
MiAaPQ |
| 005 |
20231204023231.0 |
| 006 |
m o d | |
| 007 |
cr cnu|||||||| |
| 008 |
231204s2022 xx o ||||0 eng d |
| 020 |
|
|
|a 9783631889695
|q (electronic bk.)
|
| 020 |
|
|
|z 9783631873076
|
| 035 |
|
|
|a (MiAaPQ)EBC30686132
|
| 035 |
|
|
|a (Au-PeEL)EBL30686132
|
| 035 |
|
|
|a (OCoLC)1397571654
|
| 040 |
|
|
|a MiAaPQ
|b eng
|e rda
|e pn
|c MiAaPQ
|d MiAaPQ
|
| 082 |
0 |
|
|a 327.401724
|
| 100 |
1 |
|
|a Kołodziejczyk, Katarzyna.
|
| 245 |
1 |
4 |
|a The EU Towards the Global South During the COVID-19 Pandemic.
|
| 250 |
|
|
|a 1st ed.
|
| 264 |
|
1 |
|a Frankfurt a.M. :
|b Peter Lang GmbH, Internationaler Verlag der Wissenschaften,
|c 2022.
|
| 264 |
|
4 |
|c {copy}2022.
|
| 300 |
|
|
|a 1 online resource (165 pages)
|
| 336 |
|
|
|a text
|b txt
|2 rdacontent
|
| 337 |
|
|
|a computer
|b c
|2 rdamedia
|
| 338 |
|
|
|a online resource
|b cr
|2 rdacarrier
|
| 490 |
1 |
|
|a Studies in Politics, Security and Society Series ;
|v v.49
|
| 505 |
0 |
|
|a Cover -- Contents -- Introduction -- The Impact of the COVID-19 Pandemic on the European Union's Policy towards the Countries of the Global South -- Abstract: -- Introduction -- 1. The European Union's multilateral response to COVID-19 in aid of the countries of Global South -- 2. The EU's vaccination policy for the countries of the Global South -- 3. The EU's humanitarian aid towards the Global South during COVID -- Conclusions -- European Union Initiatives Supporting the Countries of the Mediterranean Basin in Combating the COVID-19 Pandemic -- Abstract: -- Introduction -- 1. The challenges and threats generated by the COVID-19 pandemic -- 2. EU forms of assistance to combat the pandemic -- 3. EU assistance to Southern Neighbourhood countries - examples of involvement -- Conclusions -- European Union Initiatives Supporting Sub-Saharan Countries in Combating the COVID-19 Pandemic -- Abstract: -- Introduction -- 1. Africa and the pandemic -- 2. The European Union and the pandemic in Africa -- 3. The pandemic and the implementation of Euro-African objectives -- 4. Mask and vaccine diplomacy namely geopolitical tensions in Africa -- Conclusions -- European Union Initiatives Supporting Middle Eastern Countries in Combating the COVID-19 Pandemic -- Abstract: -- Introduction -- 1. The challenges of the COVID-19 pandemic in the context of the foundations and main vectors of bilateral relations -- 2. EU actions supporting the efforts of countries from the region in the fight against the COVID-19 pandemic -- 2.1. Iraq -- 2.2. Iran -- 2.3. Yemen -- Conclusions -- European Union initiatives Supporting Asia-Pacific Countries in Combating the COVID-19 Pandemic1 -- Abstract: -- Introduction -- 1. European Union assistance in response to COVID-19 for the countries of the Global South in Asia and the Pacific.
|
| 505 |
8 |
|
|a 2. COVID-19 and the EU strategy towards the Indo-Pacific: a political response -- 3. The battle of narratives in Asia and the Pacific - donor competition -- Conclusions -- European Union Initiatives Supporting Latin American and Caribbean Countries in Combating the COVID-19 Pandemic -- Abstract: -- Introduction -- 1. Priorities and financing of the EU response to the pandemic in Latin America and the Caribbean -- 2. Access to vaccines in Latina América and the Caribbean and the role of the EU -- 3. Implementation of the EU response to pandemic in selected regions and countries of Latin America and the Caribbean -- 4. Impact of the EU response to the pandemic on a broad European policy towards Latin América and the Caribbean -- Conclusions -- Summary.
|
| 520 |
|
|
|a The subject of the publication is the European Union's (EU) policy towards the countries of the Global South in Mediterranean basin, sub-Saharan Africa, Middle East, Asia and Pacific, Latin America and the Caribbean. The goal of the publication was to highlight EU actions supporting Global South countries in combating the pandemic.
|
| 588 |
|
|
|a Description based on publisher supplied metadata and other sources.
|
| 590 |
|
|
|a Electronic reproduction. Ann Arbor, Michigan : ProQuest Ebook Central, 2023. Available via World Wide Web. Access may be limited to ProQuest Ebook Central affiliated libraries.
|
| 655 |
|
4 |
|a Electronic books.
|
| 776 |
0 |
8 |
|i Print version:
|a Kołodziejczyk, Katarzyna
|t The EU Towards the Global South During the COVID-19 Pandemic
|d Frankfurt a.M. : Peter Lang GmbH, Internationaler Verlag der Wissenschaften,c2022
|z 9783631873076
|
| 797 |
2 |
|
|a ProQuest (Firm)
|
| 830 |
|
0 |
|a Studies in Politics, Security and Society Series
|
| 856 |
4 |
0 |
|u https://ebookcentral.proquest.com/lib/matrademy/detail.action?docID=30686132
|z Click to View
|